| 000 | 00518nam a2200169 a 4500 | ||
|---|---|---|---|
| 001 | 000020532 | ||
| 005 | 20200930011126.0 | ||
| 008 | 090904s1968 dr a r 000 0 spa d | ||
| 040 |
_aDO-SdBNP _bspa _cBNPHU |
||
| 082 |
_axxx _bM948e |
||
| 100 | 1 |
_aMueses, Danilo A., _d1934- _919578 |
|
| 245 | 1 | 0 |
_aSeebech : _b¿héroe o villano? / _cDanilo A. Mueses. |
| 260 |
_aSanto Domingo : _bTalleres Offset, _c1968. |
||
| 300 |
_a173 p. : _bil. ; _c21 cm. |
||
| 504 | _aBibliografía : p. 171-173 | ||
| 590 | _aInventariado, 2019/YL | ||
| 999 |
_c20036 _d20036 |
||